Звездные приключения Нуми и Ники (Запис номер 140523)
[ съкратено ]
| 000 -Лидер | |
|---|---|
| Контролно поле с фиксирана дължина | 01524nam a2200325 c 4500 |
| 003 - Код на организацията, давaща контролен номер | |
| Контролно поле | BLK |
| 005 - Дата и час на последна редакция | |
| Контролно поле | 20180422112301.0 |
| 008 - Елементи от данни с фиксирана дължина | |
| fixed length control field | 180409b bul|||||r ||||||| ||bul|| |
| 010 ## - Наследен системен номер | |
| LC control number | KNG00146590000 |
| 040 ## - Източник на каталожния запис | |
| Идентификатор на билиотеката - собственик на записа | BLK |
| 041 ## - Код за език | |
| Код за езика на текст/звукозапис или на отделно заглавие | Руски |
| Код за езика КДБФ | Руски |
| 080 ## - УДК | |
| Текстов определител УДК | Българска литература |
| УДК код - определител по УДК | 821.163.2 |
| УДК определител | -93-31 |
| УДК - код + определител | 821.163.2-93-31 |
| 100 1# - Редна дума - Автор | |
| Автор | Дилов, Любен Иванов |
| Авторска отговорност | първи автор |
| R(LIN) | 262690 |
| 139 ## - Редно поле | |
| Редна дума | Дилов, Любен Иванов |
| Авторски знак | Дил - Д 55 |
| 245 10 - Сведения за заглавието | |
| Заглавие | Звездные приключения Нуми и Ники |
| Подзаглавни данни | Фантаст. роман о детях и подобных существах |
| Редно поле (дума) | Любен Иванов Дилов; пер. с болг. Татяна Митева; пер. с болг. Владимир Куц. |
| 257 ## - Страна на издаване | |
| Страна на създаване/издаване | България |
| 260 ## - Област на издателските данни | |
| -- | София |
| Име на издателя, разпространителя и проч. | Свят |
| Година на издаване | 1986 |
| 300 ## - Физическа характеристика | |
| Страници | 328 с. |
| Размери/Мащаб | 21 см |
| 380 ## - Жанр | |
| Жанр | Детска худож. лит. |
| 500 ## - Общи забележки | |
| Забележка | Прев. е направен от Звездните приключения на Нуми и Ники ; До райската планета и назад. - 10 200 тир. |
| 653 ## - Ключова дума – ненормативна | |
| Ключова дума | детска литература |
| 653 ## - Ключова дума – ненормативна | |
| Ключова дума | литература за деца |
| 700 1# - Други автори (авторска отговорност) | |
| Лично име | Митева, Татяна |
| Автороска отговорност (Описва отношението между автора и произведението) | пер. с болг. |
| 9 (RLIN) | 377963 |
| 700 1# - Други автори (авторска отговорност) | |
| Лично име | Куц, Владимир |
| Автороска отговорност (Описва отношението между автора и произведението) | пер. с болг. |
| 9 (RLIN) | 319308 |
| 852 ## - Местоположение | |
| Форматна сигнатура | Цб 261202 |
| 856 4# - Електронен адрес и достъп | |
| Електронен формат | pdf - файл |
| Път до файла /url/ | |
| 856 4# - Електронен адрес и достъп | |
| Електронен формат | pdf - файл |
| Път до файла /url/ | |
| 942 ## - АРТИКУЛИ | |
| Вид на библиотечния материал | Книги |
| Скрит в OPAC | Не |
| 944 ## - СЪЗДАВАНЕ И РЕДАКЦИЯ на ЗАПИСА | |
| Създаване/Редакция | Създаване |
| Дата на регистрацията/редакция | 19.07.2013 |
| Статус, дата на статуса | 19.07.2013 - от С1,Р / 19.07.2013 |
| Служител, извършил регистрацията/редакцията | Люсиена_Милчева |
| 944 ## - СЪЗДАВАНЕ И РЕДАКЦИЯ на ЗАПИСА | |
| Създаване/Редакция | Редакция |
| Дата на регистрацията/редакция | 19.07.2013 |
| Статус, дата на статуса | 19.07.2013 - от С1,Р / 19.07.2013 |
| Служител, извършил регистрацията/редакцията | |
| 999 ## - СИСТЕМНИ КОНТРОЛНИ НОМЕРА | |
| Koha biblionumber | 140523 |
| Koha biblioitemnumber | 140523 |
| Код за отписване | Код за изгубен артикул | Източник на класификационната схема | Код за повреда | Коз за рестрикции | Код за отдаване | Артикулен № | Име на библиотеката - собственик | Име на библиотеката, в която се намира в момента | Статус (Текущо местоположение) | Дата на вписване в системата | Местоположение - отдел | Цена в лева | Инвентарен номер | Систематично азбучна сигнатура | Баркод | Номер на екземпляра | Цена в евро | Служебна бележка | Служебен тип на артикула |
|---|---|---|---|---|---|---|---|---|---|---|---|---|---|---|---|---|---|---|---|
| Не е изгубен | Universal Decimal Classification | Не е повреден | без рестрикции | ползва се в читалня | 230512 | Регионална библиотека "Любен Каравелов" Русе | Регионална библиотека "Любен Каравелов" Русе | Хранилище | 1986-01-01 | Хранилище | 1.80 | 453540 | Цб 261202 | 120000453540 | 1 | 0.92 | Вид: СФ N: стар фонд Дата: 01.01.1986 | Книги |